[Event "XXXIII Abierto Ciudad de Sevilla"]
[Site "?"]
[Date "2008.01.08"]
[Round "5"]
[White "Chasovnikova, E."]
[Black "Escobar Forero, A."]
[Result "1-0"]
[WhiteElo "2184"]
[BlackElo "2461"]
[PlyCount "83"]
[EventDate "2008.01.05"]
[SourceDate "2008.01.05"]

1. d4 d5 2. c4 c6 3. Nc3 Nf6 4. Nf3 e6 5. Bg5 h6 6. Bh4 dxc4 7. e4 b5 8. Be2
Bb7 9. e5 g5 10. Bg3 Nd5 11. h4 g4 12. Nd2 h5 13. Nde4 Nxc3 14. bxc3 Nd7 15.
O-O c5 16. Nd6+ Bxd6 17. exd6 Qb6 18. a4 a6 19. Rb1 Qc6 20. f3 Nb6 $6 (20...
Rg8) 21. axb5 axb5 22. dxc5 Nd7 23. Rf2 f5 $6 (23... Qxc5) 24. Bf1 (24. Qd4)
24... Rg8 25. Rfb2 Ba6 26. fxg4 Rxg4 27. Qe1 Qxc5+ 28. Bf2 Qxd6 29. Be2 Rg7 30.
Rd1 Qf4 (30... Qc6) 31. Bxh5+ {Diagrama #} Kf8 $2 (31... Ke7 32. Rxd7+ Kxd7 33.
Rd2+ Ke7 34. Bc5+ Kf6 35. Re2 $18) 32. Rxd7 Rxd7 33. Qxe6 Qd6 34. Qxf5+ Kg8 35.
Bd4 Rf8 36. Qg4+ Kh7 37. Re2 Rf4 38. Bg6+ Qxg6 39. Qxd7+ Rf7 40. Qd8 Qb1+ 41.
Kh2 Qf1 42. Qh8+ 1-0

[Event "XXXIII Abierto Ciudad de Sevilla"]
[Site "?"]
[Date "2008.01.08"]
[Round "5"]
[White "Roeder, M."]
[Black "Durao, J."]
[Result "1-0"]
[WhiteElo "2461"]
[BlackElo "2152"]
[PlyCount "83"]
[EventDate "2008.01.05"]
[SourceDate "2008.01.05"]

1. Nf3 Nf6 2. c4 g6 3. Nc3 Bg7 4. e4 d6 5. d4 O-O 6. h3 e5 7. d5 Nbd7 8. Be3
Nc5 9. Nd2 a5 10. a3 Bd7 11. b4 axb4 12. axb4 Rxa1 13. Qxa1 Na6 14. Qa3 Nh5 15.
c5 Nb8 (15... dxc5 16. bxc5) 16. Nc4 $6 (16. cxd6 cxd6 17. Nc4 Qe7 18. Qa7 $18)
16... dxc5 17. bxc5 f5 18. Qa7 $16 f4 19. Bc1 Qc8 20. Ba3 Rf6 21. Na5 b6 22.
Nb3 bxc5 23. Nxc5 Bf8 24. Bc4 Bd6 (24... f3) 25. Kd2 (25. O-O Rf8 26. Rb1 $18)
25... Rf8 26. f3 Nf6 $6 (26... Be8) 27. Rb1 g5 28. Nb7 Bxa3 29. Qxa3 {
Diagrama #} Ne8 $2 (29... Re8) 30. Qe7 Nd6 31. Qxg5+ Kf7 32. Qh5+ Kg8 33. Na5
Re8 34. g3 Re7 35. gxf4 Rg7 36. fxe5 Nxc4+ 37. Nxc4 Na6 38. e6 Be8 39. Qe5 Nc5
40. Qd4 Rg2+ 41. Ne2 Qa6 42. Qxc5 1-0

[Event "XXXIII Abierto Ciudad de Sevilla"]
[Site "?"]
[Date "2008.01.08"]
[Round "5"]
[White "Lopez Rodriguez, F."]
[Black "Pogorelov, R."]
[Result "0-1"]
[WhiteElo "2159"]
[BlackElo "2396"]
[PlyCount "80"]
[EventDate "2008.01.05"]
[SourceDate "2008.01.05"]

1. d4 Nf6 2. g3 e6 3. Bg2 c5 4. Nf3 cxd4 5. Nxd4 d5 6. O-O e5 7. Nf3 Nc6 8. c4
d4 9. e4 Bg4 10. h3 Bh5 11. g4 Bg6 12. Nxe5 Nxe5 13. f4 Nc6 14. f5 Nd7 15. a3
a5 16. Bf4 Nde5 17. Qa4 Bd6 18. c5 Bc7 19. Bxe5 Bxe5 20. Nd2 O-O 21. Nf3 Qe7 (
21... Bf4) 22. Qc4 a4 23. fxg6 hxg6 24. Nxe5 Qxe5 25. Rf2 Rad8 26. Rd1 Qe7 27.
Qxa4 Qxc5 28. Rc2 Qb6 29. Rd3 Ne5 30. Rb3 Qe6 {Diagrama #} 31. Rb4 $2 (31. Rxb7
d3 32. Rc3 d2 33. Qd1 Qa6 34. Rbb3 Qa7+ 35. Kf1 f5 $19) 31... d3 32. Rd2 Rd7
33. Qb3 Qe7 34. Rb5 Rc8 35. Kh2 Qd6 36. Kh1 Rc1+ 37. Rd1 Rxd1+ 38. Qxd1 Qc7 39.
Bf3 Nxf3 40. Qxf3 d2 0-1

[Event "XXXIII Abierto Ciudad de Sevilla"]
[Site "?"]
[Date "2008.01.09"]
[Round "6"]
[White "Epishin, V."]
[Black "Ivanov, J."]
[Result "1-0"]
[WhiteElo "2577"]
[BlackElo "2371"]
[PlyCount "57"]
[EventDate "2008.01.05"]
[SourceDate "2008.01.05"]

1. c4 c5 2. Nf3 Nc6 3. e3 e6 4. d4 d5 5. cxd5 exd5 6. Bb5 cxd4 7. exd4 Qa5+ 8.
Nc3 Bb4 9. Bxc6+ bxc6 10. O-O Ne7 11. Bd2 Bg4 12. a3 Bxc3 13. Bxc3 Qc7 14. Bb4
O-O 15. Re1 Rfe8 16. Qe2 {Diagrama #} Be6 $6 (16... Bxf3 17. Qxf3 Ng6) 17. Bxe7
Rxe7 18. Qc2 f6 $6 (18... Rae8 19. Re3 Bd7 20. Rxe7 Rxe7 21. Qc5 Re2 $14) 19.
Re3 $16 Rae8 20. Rae1 Qd6 21. Qc5 Qd7 (21... Qxc5 22. dxc5 Kf7 23. Nd4 Bd7 24.
Rxe7+ Rxe7 25. Rxe7+ Kxe7 26. b4 $16) 22. b4 Kf7 23. h3 Rb8 24. Nd2 Rb5 $2 (
24... Ree8 $16) 25. Qc2 $18 Kg8 26. Nb3 Bf5 27. Rxe7 Qxe7 28. Rxe7 Bxc2 29. Na5
1-0

[Event "XXXIII Abierto Ciudad de Sevilla"]
[Site "?"]
[Date "2008.01.09"]
[Round "6"]
[White "Campora, D."]
[Black "Fenollar Jorda, M."]
[Result "1/2-1/2"]
[WhiteElo "2535"]
[BlackElo "2253"]
[PlyCount "62"]
[EventDate "2008.01.05"]
[SourceDate "2008.01.05"]

1. d4 d5 2. c4 c6 3. Nc3 Nf6 4. Nf3 a6 5. c5 Nbd7 6. Bf4 Nh5 7. Bd2 Nhf6 8. Rc1
g6 9. h3 Bg7 10. Bf4 O-O 11. e3 Re8 12. Be2 Nh5 13. Bh2 e5 14. dxe5 Nxe5 15.
Nd4 (15. Nxe5 Bxe5 16. Bxh5 $6 Bxh2 17. Rxh2 gxh5 18. Qxh5 $6 d4) 15... Nf6 16.
O-O Ne4 17. Na4 Nd7 18. Bd3 Be5 19. Nf3 Bxh2+ {Diagrama #} 20. Kxh2 $2 (20.
Nxh2) 20... Ndxc5 21. Bxe4 (21. Nxc5 Nxc5 22. Rxc5 $2 Qd6+) 21... Nxe4 22. Kg1
Qd6 23. Qd4 Bd7 24. Rfd1 Rad8 25. b4 Qf6 26. Qxf6 Nxf6 27. Nd4 Bc8 28. Rc2 Kf8
29. Rdc1 Bd7 $6 (29... Nd7 30. Nc5 Ne5 31. a4 Nc4) 30. Nc5 Bc8 (30... Rb8) 31.
a4 Nd7 {Diagrama #Puede seguir 32.Nxa6! Ne5} 1/2-1/2

[Event "XXXIII Abierto Ciudad de Sevilla"]
[Site "?"]
[Date "2008.01.09"]
[Round "6"]
[White "Pogorelov, R."]
[Black "Mirzoev, A."]
[Result "1/2-1/2"]
[WhiteElo "2396"]
[BlackElo "2518"]
[PlyCount "37"]
[EventDate "2008.01.05"]
[SourceDate "2008.01.05"]

1. d4 Nf6 2. Nf3 e6 3. Bg5 Be7 4. e3 b6 5. Nbd2 Bb7 6. Bd3 c5 7. O-O O-O 8. c3
Nc6 9. Qe2 Nd5 10. Bxe7 Ncxe7 11. a3 cxd4 12. cxd4 h6 13. Rac1 Rc8 14. Ba6 Rxc1
15. Rxc1 Qb8 16. Bxb7 Qxb7 17. h3 Rc8 18. Rxc8+ Qxc8 19. Qc4 {Diagrama #}
1/2-1/2

[Event "XXXIII Abierto Ciudad de Sevilla"]
[Site "?"]
[Date "2008.01.09"]
[Round "6"]
[White "Roeder, M."]
[Black "Chasovnikova, E."]
[Result "1/2-1/2"]
[WhiteElo "2461"]
[BlackElo "2184"]
[PlyCount "37"]
[EventDate "2008.01.05"]
[SourceDate "2008.01.05"]

1. Nf3 d5 2. c4 d4 3. g3 c5 4. e3 Nc6 5. exd4 cxd4 6. d3 g6 7. Bg2 Bg7 8. O-O
Nf6 9. b4 Nxb4 10. Qa4+ Nc6 11. Ne5 Bd7 12. Nxd7 (12. Nxc6 bxc6 13. Re1 (13.
Bxc6 O-O $15) 13... O-O 14. Bf4 Re8 $15) 12... Qxd7 13. Ba3 O-O 14. Nd2 Rfe8
15. Nb3 Rac8 16. Nc5 Qc7 17. Rab1 b6 18. Nb3 Nd7 19. f4 $15 {Diagrama #}
1/2-1/2

[Event "XXXIII Abierto Ciudad de Sevilla"]
[Site "?"]
[Date "2008.01.09"]
[Round "6"]
[White "Robles Garcia, C."]
[Black "Barria, D."]
[Result "1/2-1/2"]
[WhiteElo "2203"]
[BlackElo "2427"]
[PlyCount "38"]
[EventDate "2008.01.05"]
[SourceDate "2008.01.05"]

1. e4 c5 2. Nf3 e6 3. d4 cxd4 4. Nxd4 a6 5. Be2 Nf6 6. Nc3 Qc7 7. O-O d6 8. f4
Nbd7 9. Kh1 b5 10. Bf3 Bb7 11. a3 Be7 12. Qe1 O-O 13. e5 Ne8 14. Bxb7 Qxb7 15.
Qg3 Rd8 16. Be3 g6 17. Rae1 Ng7 18. Bg1 Kh8 19. Ne4 d5 $14 {Diagrama #} 1/2-1/2

[Event "XXXIII Abierto Ciudad de Sevilla"]
[Site "?"]
[Date "2008.01.09"]
[Round "6"]
[White "Narciso Dublan, M."]
[Black "Pereira Figueroa, M."]
[Result "1-0"]
[WhiteElo "2513"]
[BlackElo "2181"]
[PlyCount "33"]
[EventDate "2008.01.05"]
[SourceDate "2008.01.05"]

1. d4 Nf6 2. Bg5 Ne4 3. Bf4 c5 4. f3 Qa5+ 5. c3 Nf6 6. Nd2 cxd4 7. Nb3 Qf5 8.
Bxb8 Rxb8 9. Qxd4 b6 10. e4 Qg6 11. e5 Ng8 12. O-O-O $16 {Diagrama #} Nh6 $2 (
12... Qc6 13. Bd3 e6 14. Ne2 Ne7 15. Qf2 a6 16. Ned4 Qc7 17. f4 Nd5 18. Rhf1
Be7 19. Qe2 b5 20. Kb1 d6 21. exd6 Qxd6 22. g3 Bf6 23. Be4 O-O 24. c4 bxc4 25.
Qxc4 Ne3 26. Qc6 Qe7 27. Qc1 Nxf1 28. Nc6 Qc7 29. Rxf1 Rb6 30. Rf2 Bb7 31. Rc2
Bxc6 32. Bxc6 Qd6 33. Rd2 Qxc6 {
0-1 Thiriet,B-Schwartz,M/Creon 1999/ECO NotiChess}) 13. Bb5 $18 Qe6 14. Nh3 Nf5
15. Qd3 g5 16. f4 h6 17. g4 1-0

[Event "XXXIII Abierto Ciudad de Sevilla"]
[Site "?"]
[Date "2008.01.09"]
[Round "6"]
[White "Barrantes Muñoz, H."]
[Black "Rizouk, A."]
[Result "0-1"]
[WhiteElo "2180"]
[BlackElo "2498"]
[PlyCount "22"]
[EventDate "2008.01.05"]
[SourceDate "2008.01.05"]

1. d4 Nf6 2. Bg5 e6 3. Nd2 h6 4. Bh4 c5 5. e3 a6 6. c3 b6 7. Bd3 Bb7 8. Ngf3
Be7 9. O-O O-O 10. Re1 cxd4 11. Bxf6 Bxf6 {Diagrama # El blanco abandona en
señal de protesta por disconformidad con una decisión arbitral.} 0-1

[Event "XXXIII Abierto Ciudad de Sevilla"]
[Site "?"]
[Date "2008.01.09"]
[Round "6"]
[White "Belezky, A."]
[Black "Melero Fidalgo, J."]
[Result "1-0"]
[WhiteElo "2449"]
[BlackElo "2184"]
[PlyCount "69"]
[EventDate "2008.01.05"]
[SourceDate "2008.01.05"]

1. Nf3 d5 2. b3 Bg4 3. e3 e5 4. h3 Bxf3 5. Qxf3 c6 6. Bb2 Nd7 7. a3 Bd6 8. d3
Ne7 9. g4 O-O 10. Nd2 f5 11. Rg1 f4 12. e4 d4 (12... Nc5) 13. g5 Ng6 (13... a5)
14. Qg4 (14. h4) 14... Re8 15. h4 Ngf8 16. Bh3 a5 17. Qd1 a4 18. b4 b5 19. Qb1
Rb8 20. Qa2+ Kh8 21. h5 Qe7 (21... c5) 22. Nf3 g6 $6 (22... c5 $15) 23. Nh4 (
23. hxg6) 23... Kg7 24. Nf5+ $6 $16 (24. hxg6 hxg6 25. Bf5) 24... gxf5 25. exf5
Qf7 26. Qxf7+ (26. h6+ Kg8 27. Qxf7+ Kxf7 28. Bg2 $15) 26... Kxf7 27. g6+ {
Diagrama #} hxg6 $2 (27... Kg7 28. h6+ Kxh6 29. g7 Nf6 30. gxf8=Q+ Rxf8 $19)
28. fxg6+ Kg8 $2 (28... Kg7 29. h6+ Kxh6 30. g7 Ng6 (30... Ne6 31. Bxe6 Rxe6
32. g8=Q Rxg8 $14) 31. Bxd7 $14) 29. g7 Ne6 $2 (29... Nb6 30. gxf8=Q+ Kxf8) 30.
Rg6 $18 Nxg7 31. Bxd7 Bxb4+ 32. axb4 Re7 33. Bxc6 Kh8 34. Rh6+ Kg8 35. Bd5+ 1-0

[Event "XXXIII Abierto Ciudad de Sevilla"]
[Site "?"]
[Date "2008.01.09"]
[Round "6"]
[White "Belezky, A."]
[Black "Melero Fidalgo, J."]
[Result "1-0"]
[WhiteElo "2449"]
[BlackElo "2184"]
[PlyCount "69"]
[EventDate "2008.01.05"]
[SourceDate "2008.01.05"]

1. Nf3 d5 2. b3 Bg4 3. e3 e5 4. h3 Bxf3 5. Qxf3 c6 6. Bb2 Nd7 7. a3 Bd6 8. d3
Ne7 9. g4 O-O 10. Nd2 f5 11. Rg1 f4 12. e4 d4 (12... Nc5) 13. g5 Ng6 (13... a5)
14. Qg4 (14. h4) 14... Re8 15. h4 Ngf8 16. Bh3 a5 17. Qd1 a4 18. b4 b5 19. Qb1
Rb8 20. Qa2+ Kh8 21. h5 Qe7 (21... c5 $15) 22. Nf3 {Diagrama #} g6 $2 (22... c5
) 23. Nh4 ({también} 23. hxg6 Nxg6 24. Rh1 $16 {seguido de Bf5}) 23... Kg7 {
Diagrama #} 24. Nf5+ $6 (24. hxg6 hxg6 25. Bf5 $16) 24... gxf5 25. exf5 Qf7 26.
Qxf7+ (26. h6+ Kg8 27. Qxf7+ Kxf7 28. Bg2 $15) 26... Kxf7 27. g6+ hxg6 $4 (
27... Kg7 28. h6+ Kxh6 29. g7 Nf6 30. gxf8=Q+ Bxf8 $19) 28. fxg6+ Kg8 $2 (28...
Kg7 29. h6+ Kxh6 30. g7 Ne6 31. Bxe6 Rxe6 32. g8=Q Rxg8 33. Rxg8 $14) 29. g7
Ne6 $2 (29... Nb6 30. gxf8=Q+ Kxf8 $14) 30. Rg6 $18 Nxg7 31. Bxd7 Bxb4+ 32.
axb4 Re7 33. Bxc6 Kh8 34. Rh6+ Kg8 35. Bd5+ 1-0

[Event "XXXIII Abierto Ciudad de Sevilla"]
[Site "?"]
[Date "2008.01.09"]
[Round "6"]
[White "Carretero Ortiz, F."]
[Black "Lariño Nieto, D."]
[Result "1-0"]
[WhiteElo "2233"]
[BlackElo "2439"]
[PlyCount "69"]
[EventDate "2008.01.05"]
[SourceDate "2008.01.05"]

1. e4 d5 2. Nc3 dxe4 3. Nxe4 Nd7 4. Bc4 e6 5. Nf3 Ngf6 6. Nxf6+ Nxf6 7. d4 Be7
8. O-O O-O 9. Ne5 Nd7 10. Bf4 Bf6 11. Re1 Nb6 12. Bb3 Bd7 13. c4 $16 Rc8 14. a4
a5 15. Bc2 g6 (15... c5) 16. b3 Be8 17. Be4 Rb8 18. Qd2 $18 g5 19. Be3 Be7 20.
Qxa5 f6 21. Nd3 f5 22. Bf3 f4 23. Bd2 Qxd4 {Diagrama #} 24. Bb4 Rf5 (24... Ra8
25. Qe5 Qxe5 26. Rxe5 $18) 25. Qa7 Ra8 26. Qxb7 Bxb4 27. Nxb4 Qd6 28. Na6 g4
29. Bxg4 Rg5 30. Bxe6+ Kh8 31. Qxc7 Qc6 32. Bh3 Qh6 33. Qe7 Bc6 34. Re6 Qxh3
35. Qf6+ 1-0

[Event "XXXIII Abierto Ciudad de Sevilla"]
[Site "?"]
[Date "2008.01.09"]
[Round "6"]
[White "Barrios Muñoz, R."]
[Black "Teran Alvarez, I."]
[Result "0-1"]
[WhiteElo "2138"]
[BlackElo "2404"]
[PlyCount "76"]
[EventDate "2008.01.05"]
[SourceDate "2008.01.05"]

1. d4 Nf6 2. Bg5 e6 3. e4 c5 4. Bxf6 Qxf6 5. Nf3 cxd4 6. Qxd4 Qxd4 7. Nxd4 a6
8. Nd2 Nc6 9. Nxc6 bxc6 10. Nc4 Rb8 11. e5 f6 12. f4 g5 13. fxg5 fxe5 14. Be2
d5 15. Bh5+ Kd7 16. Nxe5+ Kc7 17. O-O-O Bg7 18. Rde1 Rf8 19. b3 Rb7 20. Nd3 Kd6
21. Rhf1 Rxf1 22. Rxf1 e5 {Diagrama #} 23. Ne1 $6 (23. c4) 23... e4 $17 24. h3
a5 25. Rf7 $6 (25. Kd2) 25... Rxf7 26. Bxf7 Be5 27. g6 hxg6 28. Bxg6 Bg3 29.
Kd1 Ke5 30. c3 c5 31. Nc2 d4 32. Bf7 (32. Na3) 32... Bb7 33. cxd4+ $2 (33. Na3)
33... cxd4 $19 34. Bh5 Ba6 35. Na3 Bf1 36. Nc4+ Kf4 37. Nxa5 d3 38. Nc4 e3 0-1

[Event "XXXIII Abierto Ciudad de Sevilla"]
[Site "?"]
[Date "2008.01.09"]
[Round "6"]
[White "Garcia Luque, A."]
[Black "Zarandieta Lopera, V."]
[Result "1-0"]
[WhiteElo "2387"]
[BlackElo "1928"]
[PlyCount "91"]
[EventDate "2008.01.05"]
[SourceDate "2008.01.05"]

1. Nf3 d5 2. g3 c6 3. Bg2 g6 4. O-O Bg7 5. d3 Nf6 6. c3 Bg4 7. Qb3 Qc8 8. Nbd2
Nbd7 9. h3 Bxf3 10. Nxf3 O-O 11. c4 e6 12. Be3 dxc4 13. dxc4 Ne4 14. Rad1 Rd8
15. Qc2 Ndf6 16. Rxd8+ Qxd8 17. Nh2 Nd6 18. Rd1 Qe7 19. Bc5 Nfe8 20. Qd2 Bf8
21. Ng4 Qc7 22. Nh6+ Kg7 (22... Bxh6 23. Qxh6 Rd8 $16) 23. Ng4 Kg8 24. Qf4 Rd8
25. Rd3 {Diagrama #} b6 $2 (25... f5) 26. Bd4 $18 Bg7 (26... c5 27. Bc3 f5 28.
Qe5 fxg4 29. Qh8+ Kf7 30. Qxh7+ Ng7 31. hxg4 $18) 27. Bxg7 Kxg7 28. Qe5+ Kf8
29. c5 bxc5 30. Qxc5 Qb6 31. Qxb6 axb6 32. Bxc6 Ke7 33. Rb3 Nc4 34. Bxe8 Rxe8
35. Rb4 Rc8 36. b3 h5 37. bxc4 hxg4 38. hxg4 Rc6 39. Kf1 Kd6 40. e3 Kc5 41. a3
Rc7 42. Ra4 Rd7 43. Ke2 e5 44. Rb4 f6 45. Rb5+ Kc6 46. g5 1-0

[Event "XXXIII Abierto Ciudad de Sevilla"]
[Site "?"]
[Date "2008.01.09"]
[Round "6"]
[White "Aroshidze, L."]
[Black "Van Hoolandt, P."]
[Result "1-0"]
[WhiteElo "2535"]
[BlackElo "2216"]
[PlyCount "87"]
[EventDate "2008.01.05"]
[SourceDate "2008.01.05"]

1. e4 e5 2. Nf3 Nc6 3. Bb5 Nf6 4. O-O Nxe4 5. d4 Nd6 6. Bxc6 dxc6 7. dxe5 Nf5
8. Qxd8+ Kxd8 9. Nc3 Ne7 10. h3 Ng6 11. Ne4 h6 12. Re1 c5 13. Be3 b6 14. Rad1+
Bd7 15. Ng3 Kc8 16. Bc1 Be6 17. a3 a5 18. Nh5 Rg8 19. g4 Be7 20. Nh2 Nh4 21. f4
g6 22. Nf6 Rh8 23. Kf2 h5 24. Kg3 hxg4 25. hxg4 {Diagrama #} Bxf6 $6 (25... c4)
26. exf6 $16 Kb7 27. Nf1 Kc6 28. Nd2 g5 $2 29. f5 Bxf5 30. gxf5 Nxf5+ 31. Kg2
Rh4 32. Nf3 Rg4+ 33. Kf2 Kb7 34. Rg1 Rc4 35. c3 g4 36. Ne5 g3+ 37. Rxg3 Re4 38.
Rg5 Rxe5 39. Bf4 Rae8 40. Bxe5 Rxe5 41. Rd7 Nh6 42. Rxe5 Ng4+ 43. Kg3 Nxe5 44.
Re7 1-0

[Event "XXXIII Abierto Ciudad de Sevilla"]
[Site "?"]
[Date "2008.01.09"]
[Round "6"]
[White "Kononenko, T."]
[Black "Zhao, Z."]
[Result "0-1"]
[WhiteElo "2378"]
[BlackElo "2487"]
[PlyCount "96"]
[EventDate "2008.01.05"]
[SourceDate "2008.01.05"]

1. d4 Nf6 2. c4 e6 3. Nf3 d5 4. Nc3 c6 5. e3 Nbd7 6. Qc2 Bd6 7. Bd3 O-O 8. O-O
dxc4 9. Bxc4 b5 10. Be2 Bb7 11. Rd1 Qb8 12. e4 e5 13. Bg5 exd4 14. Rxd4 b4 15.
Bxf6 Nxf6 16. Na4 Re8 17. Rad1 Bf8 18. e5 Nd5 19. Nc5 Bxc5 (19... Bc8 20. Ng5
g6 21. e6 f6 22. Nge4 Bg7 23. Nd7 Bxd7 24. exd7 Re6 25. Nc5 Re5 26. Ba6 Qd6 27.
Bc8 Qe7 28. g3 Qf8 29. Bb7 Rd8 30. Bxc6 Ne3 31. Qb3+ Kh8 32. Ne6 Rxe6 33. Qxe6
Nxd1 34. Rxd1 f5 35. Qe8 Bf6 36. Re1 Kg7 37. Qxf8+ Rxf8 38. Re8 Bd8 39. Kf1 Bb6
40. Ke2 Rf6 41. Ba4 Rd6 42. f4 Kh6 43. Rc8 Rd4 44. Rc2 Re4+ 45. Kf3 Re3+ 46.
Kg2 Rd3 47. Bb5 Rd5 48. Bc6 Rd6 49. h4 Kg7 50. Kh3 h5 51. Ba4 Kf6 52. Re2 Rd3
53. Kg2 Rd4 54. Rc2 Rd3 55. Bb5 Rd5 56. Bc6 Rd6 57. Ba4 Kg7 58. Re2 Kf6 59. Re8
Rd2+ 60. Kf1 Kg7 61. Re2 Rd6 62. Ke1 Kf6 63. Rd2 Rxd2 64. Kxd2 Ke7 65. Kd3 Bf2
66. Ke2 Bxg3 67. Kf3 Bxh4 68. Bb3 Bf6 69. d8=Q+ Kxd8 70. Bf7 Bxb2 71. Bxg6 h4
72. Bxf5 Ke7 73. Kg4 Bf6 74. Bc2 a5 75. Ba4 Kd6 76. Be8 Kc5 77. Bf7 a4 78. Kh3
Kd4 79. Kg2 Ke3 80. Kh1 Kxf4 81. Bg8 {1/2-1/2 Beliavsky,A-Asrian,K/Warsaw 2005}
) 20. Qxc5 a5 (20... f6 $16) 21. Qc2 (21. Bd3) 21... Qd8 22. Bc4 $16 Qe7 23.
Qf5 Rad8 24. Bd3 $2 (24. Re1 $16) 24... g6 $17 25. Qh3 c5 26. Rh4 Bc8 $6 (26...
Nf6 $17) 27. Qg3 Nb6 28. Rd2 (28. Qf4 $11) 28... Bb7 $17 29. Be4 Rxd2 30. Nxd2
Qd8 31. Nf1 Ba6 32. Ne3 Nc4 $19 33. h3 Nxe3 34. fxe3 Qd1+ 35. Kh2 Qd2 36. Qf4
Qxb2 37. Bd5 Re7 38. e6 f6 39. Qb8+ Kg7 40. Re4 f5 41. Rf4 Qf6 42. e4 Bd3 43.
exf5 {Diagrama #} gxf5 $2 (43... g5 44. Rf2 c4) 44. g4 $2 (44. Rf3 $18) 44...
c4 45. gxf5 h5 46. Be4 $2 (46. Qb6 $11) 46... Bxe4 47. Rxe4 Qxf5 $19 48. Qg3+
Kh7 {tiempo} 0-1

[Event "XXXIII Abierto Ciudad de Sevilla"]
[Site "?"]
[Date "2008.01.09"]
[Round "6"]
[White "Korneev, O."]
[Black "Vehi Bach, V."]
[Result "0-1"]
[WhiteElo "2645"]
[BlackElo "2373"]
[PlyCount "72"]
[EventDate "2008.01.05"]
[SourceDate "2008.01.05"]

1. e4 c5 2. Nf3 e6 3. c3 Nf6 4. e5 Nd5 5. d4 cxd4 6. cxd4 d6 7. Bc4 Nb6 8. Bd3
dxe5 9. dxe5 Na6 10. Qe2 Nc5 11. Bc2 Nd5 12. O-O Be7 13. Nbd2 Bd7 14. Ne4 Qb6
15. Nd4 Nb4 16. Bb1 Nxe4 17. Qxe4 Bc6 18. Nxc6 Nxc6 19. a3 Qd4 20. Re1 Rd8 21.
Bc2 Qxe4 22. Rxe4 Rd5 23. Be3 O-O 24. Re1 Rfd8 25. Bc1 h6 26. Bb3 Rd3 27. Ba4
Nd4 28. R4e3 Rxe3 29. Bxe3 Nf5 30. Bc1 a6 31. g3 b5 32. Bc2 h5 33. Kg2 Kf8 34.
h4 b4 35. Be4 a5 36. axb4 axb4 {Diagrama #ilegible} 0-1

[Event "XXXIII Abierto Ciudad de Sevilla"]
[Site "?"]
[Date "2008.01.09"]
[Round "6"]
[White "Matamoros, C."]
[Black "Muratet Casadevall, A."]
[Result "1-0"]
[WhiteElo "2529"]
[BlackElo "2198"]
[PlyCount "105"]
[EventDate "2008.01.05"]
[SourceDate "2008.01.05"]

1. Nf3 Nf6 2. c4 g6 3. g3 Bg7 4. Bg2 O-O 5. O-O d6 6. d4 Nbd7 7. Nc3 c6 8. e4
e5 9. b3 Re8 10. h3 exd4 11. Nxd4 Nc5 12. Re1 a5 13. Rb1 Qc7 14. Bf4 Nh5 15.
Be3 Nf6 16. Qc2 Bd7 17. Rbd1 Qc8 18. Kh2 Re5 19. f3 Rh5 20. h4 h6 21. Kg1 Bf8
22. Nde2 Ne8 (22... Ne6) 23. Qd2 b6 24. f4 Bg4 25. Rc1 Nf6 26. Bd4 Qd8 27. Qe3
Ncd7 (27... Nfd7) 28. Nd1 g5 (28... Qc7) 29. Nf2 Bxe2 30. Rxe2 {Diagrama #}
gxh4 $2 (30... gxf4 31. gxf4 Ne8) 31. g4 $18 Rc5 32. Qh3 b5 33. Nd3 bxc4 34.
bxc4 Rb8 35. Qxh4 Nh7 36. Qxd8 Rxd8 37. Rd2 Rb8 38. Nxc5 Nxc5 39. Bxc5 dxc5 40.
e5 Bg7 41. Bxc6 Nf8 42. Bd5 Ng6 43. Rf1 a4 44. Kg2 a3 45. Be4 Nf8 46. Rb1 Rxb1
47. Bxb1 Ne6 48. Kf3 Kf8 49. Ke4 h5 50. g5 Nd4 51. Rh2 Ke7 52. Rxh5 Ne2 53. Rh3
1-0

[Event "XXXIII Abierto Ciudad de Sevilla"]
[Site "?"]
[Date "2008.01.09"]
[Round "6"]
[White "Lanzani, M."]
[Black "Fernandez Romero, E."]
[Result "1/2-1/2"]
[WhiteElo "2349"]
[BlackElo "2462"]
[PlyCount "173"]
[EventDate "2008.01.05"]
[SourceDate "2008.01.05"]

1. d4 Nf6 2. c4 d6 3. Nc3 e5 4. d5 Be7 5. e4 O-O 6. Nge2 a5 7. Ng3 Na6 8. Be2
Nc5 9. O-O Nfd7 10. b3 Bg5 11. Rb1 Bf4 12. Bxf4 exf4 13. Nh5 Qg5 14. Qd2 Nf6
15. Qxf4 Qxf4 16. Nxf4 Nfxe4 17. Nxe4 Nxe4 18. Rbc1 Nc5 19. h4 Re8 20. Rfe1 Bf5
21. f3 h6 22. g4 Bh7 23. Kf2 Re5 24. Bf1 Rae8 25. Rxe5 Rxe5 26. Rd1 g5 27. hxg5
hxg5 28. Nd3 Bxd3 29. Bxd3 Kg7 30. Bc2 Re8 31. Rh1 Kf6 32. Rh6+ Ke5 33. Ke3 b5
34. Be4 bxc4 35. bxc4 Rb8 36. Rh7 Kf6 37. Rh6+ Ke7 38. Rh5 a4 39. Rxg5 a3 40.
Rh5 Rb2 41. Rh8 Rxa2 42. Ra8 Ra1 43. Bc2 Nd7 44. Ra7 (44. f4 Nb6 45. Ra7 Nxc4+
46. Kd4 Nd2 47. Rxc7+ Kf8 48. Ra7) 44... Kf6 45. Kd2 $6 (45. f4) 45... Ne5 $15
46. f4 Nxg4 47. Rxc7 Rf1 48. Ra7 Rxf4 49. Kc3 Ne5 50. Bb3 Rf3+ 51. Kc2 Nd3 $17
52. Rxa3 Nc5 53. Kb2 Ke5 54. Bc2 {Diagrama #} Rf2 (54... Rxa3 55. Kxa3 Kd4 56.
Kb4 Nd7 57. Kb5 Ne5 58. c5 dxc5 59. d6 Kd5 60. d7 Nxd7 61. Bb3+ Kd4 62. Bxf7
$11) 55. Rh3 f5 56. Kc3 Rg2 57. Rh5 Rg3+ 58. Kd2 Rg2+ 59. Kc3 Rf2 60. Bb1 Rf3+
61. Kd2 Nb3+ 62. Ke1 Na5 63. Ke2 Rf4 64. c5 dxc5 65. d6 Kxd6 66. Rxf5 Rh4 67.
Bd3 Nc6 68. Kd2 Ne5 69. Be2 Rd4+ 70. Kc3 Re4 71. Kd2 Rh4 72. Rf8 Ra4 73. Rd8+
Kc6 74. Rc8+ Kd5 75. Rd8+ Ke4 76. Kc3 Ra3+ 77. Kb2 Rh3 78. Bb5 Rh6 79. Kc3 Rh3+
80. Kb2 Rg3 81. Rc8 Kd5 82. Rd8+ Ke6 83. Re8+ Kd6 84. Rd8+ Ke6 85. Re8+ Kd5 86.
Rd8+ Ke4 87. Rc8 1/2-1/2

[Event "XXXIII Abierto Ciudad de Sevilla"]
[Site "?"]
[Date "2008.01.10"]
[Round "7"]
[White "Razmyslov, A."]
[Black "Serra Olives, T."]
[Result "1-0"]
[WhiteElo "2392"]
[BlackElo "2134"]
[PlyCount "59"]
[EventDate "2008.01.05"]
[SourceDate "2008.01.05"]

1. e4 c5 2. Nf3 d6 3. Bb5+ Bd7 4. Bxd7+ Qxd7 5. O-O g6 6. c3 Bg7 7. d4 cxd4 8.
cxd4 e6 9. h4 Ne7 10. h5 gxh5 11. Nc3 d5 12. Ne5 Bxe5 13. dxe5 Nbc6 14. exd5
Nxd5 15. Ne4 O-O-O $6 (15... Nxe5) 16. Qxh5 $14 (16. Bg5 Rdg8 17. Bf6 Nxf6 18.
Nxf6 Qxd1 19. Raxd1 Rd8 $11) 16... Kb8 (16... h6) 17. Bg5 Rc8 18. Rad1 {
Diagrama #} Ka8 $2 19. Nf6 $18 Qc7 20. Nxd5 exd5 21. Rxd5 Rhg8 22. Be3 Rg6 23.
Rc1 Rcg8 24. g3 Qc8 25. b4 Qe6 26. Rcd1 Rc8 27. b5 Ne7 28. Rd7 Rgg8 29. Qf3 Rb8
30. Bxa7 1-0

[Event "XXXIII Abierto Ciudad de Sevilla"]
[Site "?"]
[Date "2008.01.10"]
[Round "7"]
[White "Oliva Del Amo, A."]
[Black "Rodriguez Aguilera, A."]
[Result "1/2-1/2"]
[WhiteElo "2115"]
[BlackElo "2238"]
[PlyCount "34"]
[EventDate "2008.01.05"]
[SourceDate "2008.01.05"]

1. c4 g6 2. Nc3 Bg7 3. d4 Nf6 4. e4 d6 5. f4 O-O 6. Nf3 c5 7. d5 e6 8. Be2 exd5
9. cxd5 Bg4 10. O-O Nbd7 11. Re1 a6 $6 (11... Re8) 12. e5 Nh5 13. e6 fxe6 14.
dxe6 Bxe6 15. Ng5 Bd4+ 16. Kh1 Bf7 {Diagrama #} 17. Bxh5 (17. Nxf7 Kxf7 (17...
Rxf7 18. Bc4) 18. Bxh5 gxh5 19. Be3 $16 Bxe3 20. Qxh5+ Kg8 21. Rxe3 Rxf4 22.
Nd5 $18) 17... gxh5 $14 1/2-1/2